Burza cenných papierov v Bratislave, a.s. Výsledky hospodárenia akciových spoločností za 1. polrok 1993

V súlade s pravidlami akciovej spoločnosti Burza cenných papierov v Bratislave zverejňuje výsledky hospodárenia za 1. polrok 1993 týchto účastinných spoločností: Biotika Slovenská Ľupča, Chemolak Smolenice, Juhoslovenské celulózky a papierne Štúrovo, Ozeta Trenčín, Plastika Nitra, Slovnaft Bratislav...

Descrizione completa

Salvato in:
Dettagli Bibliografici
Natura: Capitolo di libro
Lingua:slovacco
Soggetti:
Tags: Aggiungi Tag
Nessun Tag, puoi essere il primo ad aggiungerne!!

MARC

LEADER 00000naa a2200000 4500
001 r014442
005 20221205080539.8
041 0 |a slo 
044 |a SK 
245 1 0 |a Burza cenných papierov v Bratislave, a.s.  |b Výsledky hospodárenia akciových spoločností za 1. polrok 1993 
520 |a V súlade s pravidlami akciovej spoločnosti Burza cenných papierov v Bratislave zverejňuje výsledky hospodárenia za 1. polrok 1993 týchto účastinných spoločností: Biotika Slovenská Ľupča, Chemolak Smolenice, Juhoslovenské celulózky a papierne Štúrovo, Ozeta Trenčín, Plastika Nitra, Slovnaft Bratislava, Tatramat Poprad-Matejovce. 
610 2 0 |a BCP Bratislava 
610 2 0 |a spoločnosti akciové 
610 2 0 |a výsledok hospodársky 
610 2 0 |a 1993 
610 2 0 |a január-jún 
610 2 0 |a Biotika, a.s. Slovenská Ľupča 
610 2 0 |a Chemolak, a.s. Smolenice 
610 2 0 |a Juhoslovenské celulózky a papierne, a.s. Štúrovo 
610 2 0 |a Ozeta, a.s. Trenčín 
610 2 0 |a Plastika, a.s. Nitra 
610 2 0 |a Slovnaft, a.s. Bratislava 
610 2 0 |a Tatramat, a.s. Poprad-Matejovce